Images : Les meubles en héraldique (1) - Statistiques

Statistiques générales
  • Ce quiz a été pris 71 fois
    70 depuis la dernière actualisation
  • Le résultat moyen est 24 sur 50
Statistiques - réponses
Par images Hint Réponse % Correct
O - Quel est cet animal ? {Ours}
96%
A - Quel est le nom de cet insecte ? {Abeille}
87%
C - Quel est cet animal ? {Cerf}
85%
C - Quel est cet animal ? {Chien}
85%
F - Quelle est cette arme ? {Flèche}
85%
T - Comment se nomme cet édifice ? {Tour}
84%
A - Commet appelle-t-on ce végétal ? {Arbre}
82%
C - Quel est cet animal ? {Coq}
82%
H - Quel est cet oiseau ? {Hibou}
82%
C - Quel est cet objet ? {Cloche}
80%
F - Quel est cet outil ? {Faucille}
80%
R - Quel est cet objet ? {Roue}
80%
S - Quel est ce meuble ? {Soleil}
80%
B - Quel est cet animal ? {Baleine}
78%
C - Quel est cet objet ? {Couronne}
78%
E - Quelle est cette arme ? {Epée}
78%
V - Quel est ce bovidé ? {Vache}
76%
L - Quel est ce chien ? {Lévrier}
75%
E - Quel est ce crustacé ? {Ecrevisse}
73%
P - Comment se nomme cette construction ? {Pont}
73%
R - Quelle est cette fleur ? {Rose}
73%
L - Quelle est cette croix ? Croix de {Lorraine}
69%
C - Quel est cet objet ? {Colonne}
65%
F - Quelle est cette partie du feu ? {Flamme}
65%
F - Quel est ce phénomène naturel ? {Foudre}
65%
L - Comment nomme-t-on cette arme ? {Lance}
65%
B - Cette aigle est dite... {bicéphale}
55%
T - Quel est ce poisson ? {Truite}
55%
S-A - Quelle est cette croix ? Croix de {Saint}-{André}
53%
H - Quelle est cette créature ? {Harpie}
49%
B - Quelle est cette croix ? Croix {basque}
29%
P - Quel est cet oiseau ? {Perdrix}
27%
T - Aussi nommé béquille de Saint-Antoine {Tau}
25%
P - Ce loup est dit... {passant}
22%
H - Quelle est cette croix ? Croix {huguenote}
13%
A - Ce lion est dit... {armé}
11%
R - Quelle est cette croix ? Croix {russe}
9%
G - Quel est ce poisson ? {Goujon}
9%
T - Le sol de ce type est appelé... {Terrasse}
9%
P - Quelle est cette croix ? Croix {pommée}
5%
S - Qu'est ce ? {Source}
5%
B - Quelle est cette arme ? {Badelaire}
4%
H - Comment nomme-t-on cet outil ? {Hie}
4%
T - Quel est le nom de cette étrange figure ;? {Triquètre}
4%
C - S'utilise à la chasse {Couple}
2%
R - Quelle est cette croix ? Croix {recroisetée}
2%
F - Comment se nomme ce dessin ? {Frette}
2%
L - Cette aigle est dite... {liée}
2%
S - Ce loup est dit... {sejant}
2%
E - aigle est dite... {essorante}
0%
Aucun quiz correspondant
Distribution des résultats
% des personnes avec chaque résultat
Percentile par nombre de réponses
Votre historique - résultats
Vous n’avez pas pris ce quiz depuis la dernière actualisation